Health care teamwork : (Record no. 5563)

MARC details
000 -LEADER
fixed length control field 01143cam a22002894a 4500
001 - CONTROL NUMBER
control field 11878775
003 - CONTROL NUMBER IDENTIFIER
control field OSt
005 - DATE AND TIME OF LATEST TRANSACTION
control field 20170217175236.0
008 - FIXED-LENGTH DATA ELEMENTS--GENERAL INFORMATION
fixed length control field 000103s2000 ctua b 001 0 eng
010 ## - LIBRARY OF CONGRESS CONTROL NUMBER
LC control number 00020903
020 ## - INTERNATIONAL STANDARD BOOK NUMBER
International Standard Book Number 0865692971 (alk. paper)
020 ## - INTERNATIONAL STANDARD BOOK NUMBER
International Standard Book Number 086569298X (paper : alk. paper)
040 ## - CATALOGING SOURCE
Original cataloging agency DLC
Transcribing agency DLC
Modifying agency DLC
042 ## - AUTHENTICATION CODE
Authentication code pcc
082 00 - DEWEY DECIMAL CLASSIFICATION NUMBER
Classification number W 84
Item number D833h 2000
100 1# - MAIN ENTRY--PERSONAL NAME
Personal name Drinka, Theresa J. K.
9 (RLIN) 11610
245 10 - TITLE STATEMENT
Title Health care teamwork :
Remainder of title interdisciplinary practice and teaching /
Statement of responsibility, etc. Theresa J.K. Drinka and Phillip G. Clark ; foreword by DeWitt C. Baldwin, Jr.
260 ## - PUBLICATION, DISTRIBUTION, ETC. (IMPRINT)
Place of publication, distribution, etc. Westport, CT :
Name of publisher, distributor, etc. Auburn House,
Date of publication, distribution, etc. 2000.
300 ## - PHYSICAL DESCRIPTION
Extent xix, 196 p. :
Other physical details ill. ;
Dimensions 24 cm.
504 ## - BIBLIOGRAPHY, ETC. NOTE
Bibliography, etc "Bibliography": p. 183-192.
504 ## - BIBLIOGRAPHY, ETC. NOTE
Bibliography, etc Includes bibliographical references and index.
650 #0 - SUBJECT ADDED ENTRY--TOPICAL TERM
Topical term or geographic name as entry element Health care teams.
9 (RLIN) 11611
700 1# - ADDED ENTRY--PERSONAL NAME
Personal name Clark, Phillip G.
9 (RLIN) 11612
906 ## - LOCAL DATA ELEMENT F, LDF (RLIN)
a 7
b cbc
c orignew
d 1
e ocip
f 20
g y-gencatlg
942 ## - ADDED ENTRY ELEMENTS (KOHA)
Source of classification or shelving scheme Other/Generic Classification Scheme
Koha item type Open Shelf
Holdings
Withdrawn status Lost status Source of classification or shelving scheme Damaged status Not for loan Home library Current library Date acquired Source of acquisition Inventory number Total Checkouts Full call number Barcode Date last seen Price effective from Koha item type
    Other/Generic Classification Scheme     MUST Main Library MUST Main Library 17/02/2017   2014/38464   W 84 D833h 2000 2017-0226 17/02/2017 17/02/2017 Open Shelf